Haendel

Shranjeno v:
Bibliografske podrobnosti
Glavni avtor: Rolland, Romain (Author)
Format: Knjiga
Jezik:španščina
Izdano: Buenos Aires Grandes Biografías 1944
Serija:Los Maestros de la Música
Teme:
Oznake: Označite
Brez oznak, prvi označite!

MARC

LEADER 00000nam a2200000 a 4500
001 UCN1667
003 CL-VaPUC
008 010427e19440000AG |||||||||||||||||spa|d
082 0 4 |a 780.92  |b ROL  |2 21 
100 0 |a Rolland, Romain  |e author  |9 456921 
245 1 0 |a Haendel 
300 |a 189 p 
942 |c BK 
945 |d 20010427 00:00:00  |a crobeson 
260 |a Buenos Aires  |b Grandes Biografías  |c 1944 
600 0 |a Händel, Georg Friedrich  |9 612425 
650 0 |a Compositores alemanes  |9 324765 
650 0 |a Música barroca  |9 306256 
583 |a last modification  |c 20010427 00:00:00  |k Rodrigo Vera 
490 0 |a Los Maestros de la Música 
999 |c 294918  |d 294916 
952 |0 0  |1 0  |4 0  |6 780_920000000000000_ROL_1944  |7 0  |8 A  |9 347668  |a BIBEDU  |b BIBEDU  |d 2019-11-20  |i 1180460  |l 2  |m 2  |o 780.92 ROL 1944  |p 1180460  |r 2024-12-04  |s 2024-11-14  |w 2019-11-20  |y BK  |k MUS